Nursing research and statistics / (Record no. 23474)
[ view plain ]
| 000 -LEADER | |
|---|---|
| fixed length control field | 00828nam a22002415a 4500 |
| 005 - DATE AND TIME OF LATEST TRANSACTION | |
| control field | 20170420120301.0 |
| 008 - FIXED-LENGTH DATA ELEMENTS--GENERAL INFORMATION | |
| fixed length control field | 161206t2016 ii a frd 001 0 eng d |
| 020 ## - INTERNATIONAL STANDARD BOOK NUMBER | |
| International Standard Book Number | 9789352500154 |
| 040 ## - CATALOGING SOURCE | |
| Original cataloging agency | EG-ScBUE |
| Language of cataloging | eng |
| Transcribing agency | EG-ScBUE |
| Modifying agency | EG-ScBUE |
| 082 04 - DEWEY DECIMAL CLASSIFICATION NUMBER | |
| Edition number | 22 |
| Classification number | 610.73072 |
| Item number | KUM |
| 100 1# - MAIN ENTRY--PERSONAL NAME | |
| 9 (RLIN) | 40708 |
| Personal name | Kumar, Rajesh. |
| 245 10 - TITLE STATEMENT | |
| Title | Nursing research and statistics / |
| Statement of responsibility, etc | Rajesh Kumar ; forword K. Reddemma. |
| 260 ## - PUBLICATION, DISTRIBUTION, ETC. (IMPRINT) | |
| Place of publication, distribution, etc | New Delhi : |
| Name of publisher, distributor, etc | The Health Sciences Publisher, |
| Date of publication, distribution, etc | c. 2016. |
| 300 ## - PHYSICAL DESCRIPTION | |
| Extent | xi, 343 p. : |
| Other physical details | ill. ; |
| Dimensions | 24 cm. |
| 500 ## - GENERAL NOTE | |
| General note | Glossary : p. 315-333. |
| 500 ## - GENERAL NOTE | |
| General note | Index : p. [335]-343. |
| 650 #7 - SUBJECT ADDED ENTRY--TOPICAL TERM | |
| Source of heading or term | BUEsh |
| 9 (RLIN) | 39374 |
| Topical term or geographic name as entry element | Nursing |
| General subdivision | Research. |
| 650 #7 - SUBJECT ADDED ENTRY--TOPICAL TERM | |
| Source of heading or term | BUEsh |
| 9 (RLIN) | 36305 |
| Topical term or geographic name as entry element | Nursing |
| General subdivision | Research |
| -- | Methodology. |
| 651 ## - SUBJECT ADDED ENTRY--GEOGRAPHIC NAME | |
| Source of heading or term | BUEsh |
| 653 ## - INDEX TERM--UNCONTROLLED | |
| Resource For college | Nursing |
| Arrived date list | December2016 |
| -- | April2017 |
| 700 1# - ADDED ENTRY--PERSONAL NAME | |
| Personal name | Reddemma, K. |
| Relator term | author of introduction, etc. |
| 942 ## - ADDED ENTRY ELEMENTS (KOHA) | |
| Source of classification or shelving scheme | Dewey Decimal Classification |
| Withdrawn status | Item status | Source of classification or shelving scheme | Damaged status | Not for loan | Vendor | Home library | Current library | Shelving location | Date acquired | Source of acquisition | Cost, normal purchase price | Serial Enumeration / chronology | Total Checkouts | Total Renewals | Full call number | Barcode | Checked out | Date last seen | Date last borrowed | Cost, replacement price | Koha item type |
|---|---|---|---|---|---|---|---|---|---|---|---|---|---|---|---|---|---|---|---|---|---|
| Dewey Decimal Classification | Baccah | Central Library | Central Library | First floor | 06/12/2016 | Purchase | 173.00 | 25145 | 6 | 33 | 610.73072 KUM | 000040220 | 14/05/2026 | 01/08/2019 | 24/07/2019 | 216.25 | Book - Borrowing | ||||
| Dewey Decimal Classification | ايمك | Central Library | Central Library | First floor | 20/04/2017 | Purchase | 137.00 | 3673 | 6 | 52 | 610.73072 KUM | 000041670 | 15/07/2025 | 09/03/2020 | 171.25 | Book - Borrowing | |||||
| Dewey Decimal Classification | ايمك | Central Library | Central Library | First floor | 20/04/2017 | Purchase | 137.00 | 3673 | 5 | 26 | 610.73072 KUM | 000041671 | 15/07/2025 | 27/05/2024 | 171.25 | Book - Borrowing |